[Event "East Lansing (MI Op/7/3)"]
[Site "?"]
[Date "1995.??.??"]
[Round "?"]
[White "Mazuchowski, Tom"]
[Black "Rajlich, Vasik"]
[Result "0-1"]
[WhiteElo "2210"]
[BlackElo "2255"]
[PlyCount "58"]
[EventDate "1995.??.??"]

{7/(3)} 1. e4 c5 2. Nc3 Nc6 3. Nge2 g6 4. d4 cxd4 5. Nxd4 Bg7 6. Nb3 Bxc3+ 7.
bxc3 Nf6 8. Bd3 d5 9. exd5 Qxd5 10. O-O O-O 11. h3 b6 12. Be2 Be6 13. Bf3 Qc4
14. Qd3 Ne5 15. Qxc4 Nxf3+ 16. gxf3 Bxc4 17. Re1 Nd5 18. Nd4 Rfc8 19. Bd2 e6
20. a4 Rc5 21. Ra3 Rac8 22. Nb5 Bxb5 23. axb5 Nxc3 24. Rxa7 Nxb5 25. Rb7 Nd4
26. Kg2 b5 27. c3 Nb3 28. Bh6 Rh5 29. Rb1 Nc5 0-1

[Event "East Lansing (MI Op/5/2)"]
[Site "?"]
[Date "1995.??.??"]
[Round "?"]
[White "Mazuchowski, Tom"]
[Black "Ciaffone, Bob"]
[Result "0-1"]
[WhiteElo "2210"]
[BlackElo "2200"]
[PlyCount "48"]
[EventDate "1995.??.??"]

{5/(2)} 1. e4 c5 2. f4 d5 3. d3 dxe4 4. dxe4 Qxd1+ 5. Kxd1 e6 6. Nd2 b6 7. Be2
Nc6 8. c3 Bb7 9. Kc2 Nf6 10. Bf3 O-O-O 11. Nh3 h6 12. a4 Rg8 13. Nf2 g5 14. Nc4
Ba6 15. e5 Nd5 16. Nd6+ Bxd6 17. exd6 f5 18. g4 Rxd6 19. gxf5 exf5 20. Nh3
Ndb4+ 21. Kb3 Na5+ 22. Ka3 Nc2+ 23. Ka2 Bc4+ 24. Kb1 Nxa1 0-1

[Event "East Lansing (MI Op/1b/5)"]
[Site "?"]
[Date "1995.??.??"]
[Round "?"]
[White "Mazuchowski, Tom"]
[Black "Calton, David A"]
[Result "1/2-1/2"]
[WhiteElo "2210"]
[BlackElo "1900"]
[PlyCount "95"]
[EventDate "1995.??.??"]

1. e4 c6 2. d4 d5 3. Nd2 dxe4 4. Nxe4 Nf6 5. Ng5 h6 6. Nxf7 Kxf7 7. Nf3 Be6 8.
Bd3 Nbd7 9. O-O Bd5 10. Ne5+ Kg8 11. Ng6 Qc7 12. Bf4 Qb6 13. Nxh8 Kxh8 14. Be5
c5 15. c4 Bf7 16. Qb3 cxd4 17. Qxb6 axb6 18. Bxd4 e5 19. Be3 Ng4 20. Rfe1 Nxe3
21. fxe3 Nc5 22. Bf1 e4 23. Red1 Bg6 24. Rd5 Nd3 25. g4 Bc5 26. Kg2 Bxe3 27.
Rd7 Rf8 28. Bxd3 exd3 29. Re1 Rf2+ 30. Kg3 Re2 31. Rf1 Bc5 32. h4 h5 33. gxh5
Bxh5 34. Rxd3 Rxb2 35. Rf5 Bg6 36. Rd8+ Kh7 37. Re5 Rxa2 38. h5 Bf7 39. Rd7 Kg8
40. h6 gxh6 41. Re4 h5 42. Re5 Ra3+ 43. Kf4 Bxc4 44. Re8+ Bf8 45. Rdd8 Bf7 46.
Rxf8+ Kg7 47. Rb8 Rd3 48. Rxf7+ 1/2-1/2

[Event "Grand Rapids (MI Am/2/4)"]
[Site "?"]
[Date "1995.??.??"]
[Round "?"]
[White "Matias, I.C."]
[Black "Skidmore, Jennifer"]
[Result "0-1"]
[WhiteElo "1630"]
[BlackElo "1935"]
[PlyCount "56"]
[EventDate "1995.??.??"]

{2/(4)} 1. d4 d5 2. c4 e6 3. cxd5 exd5 4. Nc3 Nf6 5. Bg5 c6 6. e3 Bb4 7. Bd3
Be6 8. Nf3 Nbd7 9. O-O h6 10. Bh4 Qe7 11. Ne5 O-O-O 12. f4 g5 13. fxg5 hxg5 14.
Bxg5 Rdg8 15. h4 Bd6 16. Nxd7 Bxd7 17. Qf3 Rxg5 18. hxg5 Ng4 19. g3 Qxg5 20.
Bf5 Nxe3 21. Bxd7+ Kxd7 22. Qxf7+ Be7 23. Rf3 Qh6 24. Rxe3 Qxe3+ 25. Kg2 Qd2+
26. Kg1 Qh2+ 27. Kf1 Rf8 28. Qxf8 Bxf8 0-1

[Event "Grand Rapids (MI Am/4/18)"]
[Site "?"]
[Date "1995.??.??"]
[Round "?"]
[White "Matias, I.C."]
[Black "Moulter, Al"]
[Result "1-0"]
[WhiteElo "1630"]
[BlackElo "1605"]
[PlyCount "49"]
[EventDate "1995.??.??"]

{4/(18)} 1. d4 g6 2. c4 Bg7 3. Nc3 Nf6 4. e4 e6 5. e5 Nh5 6. Be2 d6 7. Bxh5
gxh5 8. Qxh5 Qd7 9. Nf3 Na6 10. O-O b6 11. Bg5 h6 12. Bh4 Bb7 13. Rfe1 Rf8 14.
d5 dxe5 15. dxe6 Qxe6 16. Nxe5 Nc5 17. Nxf7 Rxf7 18. Rxe6+ Nxe6 19. Re1 Kf8 20.
Rxe6 Kg8 21. Qg6 Raf8 22. Nd5 c6 23. Nf6+ Rxf6 24. Bxf6 Rf7 25. Re8+ 1-0

[Event "Gaylord (NMO/1/13)"]
[Site "?"]
[Date "1995.??.??"]
[Round "?"]
[White "Matias, I.C."]
[Black "Morio, J."]
[Result "0-1"]
[WhiteElo "1675"]
[BlackElo "1605"]
[PlyCount "70"]
[EventDate "1995.??.??"]

{1/(13)} 1. d4 g6 2. c4 d6 3. Nc3 Bg7 4. e4 e5 5. dxe5 Bxe5 6. Nf3 Bxc3+ 7.
bxc3 Bg4 8. h3 Bxf3 9. Qxf3 Qf6 10. Qd3 Nd7 11. Be3 Rd8 12. Be2 Nc5 13. Qc2 Ne7
14. Bd4 Qg5 15. Bxh8 Qxg2 16. O-O-O Qxe4 17. Bd3 Qf4+ 18. Kb1 f6 19. Rde1 Kf7
20. Bxf6 Qxf6 21. Re3 d5 22. Rhe1 Qb6+ 23. Ka1 Re8 24. cxd5 Qd6 25. Bc4 a6 26.
Qe2 b5 27. Qf3+ Kg7 28. Qe2 Kf7 29. Qf3+ Kg7 30. Bd3 Kg8 31. Qg4 Nxd3 32. Rxd3
Rf8 33. Re6 Qa3 34. Qd1 Rxf2 35. Rd2 Qxc3+ 0-1

[Event "Gaylord (NMO/3/11)"]
[Site "?"]
[Date "1995.??.??"]
[Round "?"]
[White "Matias, I.C."]
[Black "McNamara, Ron"]
[Result "1-0"]
[WhiteElo "1675"]
[BlackElo "1605"]
[PlyCount "61"]
[EventDate "1995.??.??"]

{3/(11)} 1. Nf3 d5 2. d4 Bg4 3. e3 e6 4. c4 c6 5. Nc3 Nf6 6. Qb3 Qc7 7. Ne5 Bh5
8. cxd5 exd5 9. Bd3 Nbd7 10. Nxd7 Qxd7 11. O-O Bd6 12. e4 Bc7 13. e5 Ng4 14. h3
Nh6 15. Bxh6 gxh6 16. f4 Rg8 17. f5 Bb6 18. Nb5 Kf8 19. e6 Qe7 20. exf7 Bxf7
21. Rae1 Rxg2+ 22. Kxg2 Qg5+ 23. Kh2 a6 24. Qb4+ c5 25. dxc5 Bd8 26. Nd6 Bc7
27. Qxb7 Rb8 28. Qxc7 Rxb2+ 29. Re2 Rxe2+ 30. Bxe2 Qf6 31. Qxf7+ 1-0

[Event "Gaylord (NMO/5/8)"]
[Site "?"]
[Date "1995.??.??"]
[Round "?"]
[White "Matias, I.C."]
[Black "Iyer, Krishnan"]
[Result "0-1"]
[WhiteElo "1695"]
[BlackElo "1605"]
[PlyCount "80"]
[EventDate "1995.??.??"]

{5/(8)} 1. d4 Nf6 2. c4 g6 3. Nc3 Bg7 4. e4 d6 5. Nf3 O-O 6. Be2 c6 7. O-O a6
8. a4 Qc7 9. Bg5 Nbd7 10. Qd2 e5 11. Bh6 c5 12. d5 Ne8 13. Bxg7 Nxg7 14. Qh6 f6
15. Nh4 Qd8 16. f4 exf4 17. Rxf4 Ne5 18. Nf3 Nh5 19. Nxe5 Nxf4 20. Ng4 Nxe2+
21. Nxe2 Bxg4 22. Nf4 Qe8 23. Re1 g5 24. h3 gxf4 25. hxg4 Qe5 26. Rf1 Qg5 27.
Qh3 Rae8 28. Qf3 Kg7 29. Kf2 Qe5 30. Re1 Qd4+ 31. Kf1 Qxc4+ 32. Kg1 Qd4+ 33.
Kh2 Qe5 34. Kg1 Kg6 35. Qh3 Qd4+ 36. Kh1 Rxe4 37. Qh5+ Kg7 38. Rxe4 Qxe4 39. g5
Qe1+ 40. Kh2 Qg3+ 0-1

[Event "Ann Arbor (MI Women/2/5)"]
[Site "?"]
[Date "1995.??.??"]
[Round "?"]
[White "Mason, B."]
[Black "Zarzycki, Katherine"]
[Result "0-1"]
[WhiteElo "1605"]
[BlackElo "1605"]
[PlyCount "72"]
[EventDate "1995.??.??"]

{2/(5)} 1. d4 d5 2. Nc3 Nf6 3. Nf3 Nc6 4. e3 e6 5. Bb5 Bb4 6. O-O O-O 7. a3 a6
8. Bxc6 Bxc3 9. Bxd5 Qxd5 10. bxc3 Nh5 11. Re1 Re8 12. e4 Qc6 13. e5 f6 14.
exf6 Nxf6 15. Re3 Ng4 16. Rd3 Rf8 17. Nh4 e5 18. Rg3 Nxf2 19. Qd2 Ne4 20. Qd3
Nxg3 21. Qxg3 Qf6 22. Bg5 Qf7 23. Bh6 Be6 24. h3 Kh8 25. Bd2 Rae8 26. Re1 exd4
27. cxd4 Bd5 28. Rd1 Re2 29. Kh2 Rg8 30. Bf4 g5 31. Bxg5 Qf2 32. Qxc7 Rxg5 33.
Qc8+ Rg8 34. Qc5 Qg3+ 35. Kg1 Rxg2+ 36. Kf1 Qf2# 0-1

[Event "Ann Arbor (MI Women/4/6)"]
[Site "?"]
[Date "1995.??.??"]
[Round "?"]
[White "Mason, B."]
[Black "Horne, Terese"]
[Result "1-0"]
[WhiteElo "1605"]
[BlackElo "1605"]
[PlyCount "81"]
[EventDate "1995.??.??"]

{4/(6)} 1. e4 e6 2. Nf3 Nf6 3. Nc3 Nc6 4. Bb5 Bc5 5. d3 a6 6. Bxc6 dxc6 7. O-O
O-O 8. a3 Ng4 9. b4 Bxf2+ 10. Rxf2 Nxf2 11. Kxf2 e5 12. Ng5 Bg4 13. Qxg4 h6 14.
Nf3 Qc8 15. Qg3 Qe8 16. Bd2 a5 17. bxa5 Rxa5 18. Ng1 f5 19. exf5 Rxf5+ 20. Nf3
Ra8 21. Re1 Qf7 22. Re3 Rf8 23. a4 b6 24. Ne4 b5 25. a5 b4 26. Bxb4 g6 27. Bxf8
Kxf8 28. a6 Qa2 29. Ned2 Qxc2 30. a7 Qa2 31. Re4 Qxa7+ 32. Ke2 Rf7 33. Qxg6 Ke8
34. Rxe5+ Kd8 35. Qxf7 Kc8 36. Re8+ Kb7 37. Qf8 h5 38. Re7 c5 39. Qd8 c4 40.
Qxc7+ Ka8 41. Qxa7# 1-0

[Event "Detroit (WCO/4/18)"]
[Site "?"]
[Date "1995.??.??"]
[Round "?"]
[White "Martinez, M."]
[Black "Zarzycki, Amanda"]
[Result "0-1"]
[WhiteElo "1605"]
[BlackElo "1605"]
[PlyCount "50"]
[EventDate "1995.??.??"]

{4/(18)} 1. e4 d5 2. d3 Nf6 3. Nc3 Bg4 4. Be2 Bxe2 5. Qxe2 dxe4 6. dxe4 e5 7.
Nf3 Nc6 8. Qc4 Bb4 9. Ng5 O-O 10. a3 Bd6 11. O-O Na5 12. Qa4 Ng4 13. Rd1 Qf6
14. Be3 Bc5 15. Rf1 Bxe3 16. fxe3 Qh6 17. h3 Nxe3 18. Rfc1 Qxg5 19. Kf2 Qf4+
20. Ke2 Qg3 21. Qxa5 f5 22. exf5 Rxf5 23. Qb5 Qf2+ 24. Kd3 Rd8+ 25. Ke4 Rd4#
0-1

[Event "Detroit (WCO/3/17)"]
[Site "?"]
[Date "1995.??.??"]
[Round "?"]
[White "Martinez, M."]
[Black "Shaw, L."]
[Result "0-1"]
[WhiteElo "1605"]
[BlackElo "1605"]
[PlyCount "72"]
[EventDate "1995.??.??"]

{3/(17)} 1. e4 e5 2. Bc4 c6 3. Nf3 d6 4. Ng5 Qxg5 5. Qf3 Be6 6. Bxe6 fxe6 7.
Qb3 Qe7 8. O-O Na6 9. d3 O-O-O 10. Nc3 Kb8 11. Be3 Nf6 12. Qa4 Qc7 13. b4 Nd7
14. b5 cxb5 15. Nxb5 Nb6 16. Nxc7 Nxa4 17. Nxe6 Rc8 18. Nxf8 Rhxf8 19. c4 N6c5
20. d4 exd4 21. Bxd4 Nxe4 22. Bxg7 Rf7 23. Bd4 Rxc4 24. Rfd1 Rc2 25. Rac1 Rxa2
26. Re1 Nac5 27. Bxc5 Nxc5 28. Re8+ Kc7 29. Rce1 Kb6 30. Kf1 Rfxf2+ 31. Kg1
Rxg2+ 32. Kh1 Rxh2+ 33. Kg1 Nd3 34. R1e7 Nf4 35. Rb8 Rhg2+ 36. Kh1 Ra1+ 0-1

[Event "Detroit (MI Team/3/2/2)"]
[Site "?"]
[Date "1995.??.??"]
[Round "?"]
[White "Martell, Raul"]
[Black "Zaremba, Andrei"]
[Result "0-1"]
[WhiteElo "1605"]
[BlackElo "2085"]
[PlyCount "126"]
[EventDate "1995.??.??"]

{3/2} 1. e4 c5 2. Nf3 d6 3. d4 cxd4 4. Nxd4 Nf6 5. Nc3 a6 6. Bd3 e5 7. Nf3 Be6
8. Bg5 Be7 9. Qd2 Nbd7 10. a3 h6 11. Be3 O-O 12. O-O Ng4 13. Rad1 Nxe3 14. Qxe3
Qc7 15. Rd2 b5 16. h3 Rac8 17. Be2 Nb6 18. Rc1 Bc4 19. Rdd1 Be6 20. Qd2 Nc4 21.
Bxc4 Bxc4 22. Nd5 Bxd5 23. Qxd5 Qb6 24. Rd3 Rc5 25. Qb3 Rfc8 26. Rd5 Rc4 27.
Qd3 Qc7 28. c3 Qb6 29. Rd1 a5 30. Nd2 R4c5 31. Nb3 Rxd5 32. Qxd5 Rf8 33. Rd2
Kh8 34. Rd3 f5 35. exf5 Rxf5 36. Rf3 Rxf3 37. Qxf3 a4 38. Nd2 Qc5 39. Qa8+ Kh7
40. Qe4+ Kg8 41. Nf3 Qc4 42. Nd2 Qxe4 43. Nxe4 d5 44. Nd2 Kf7 45. Kf1 Ke6 46.
f3 Bg5 47. Ke2 Bxd2 48. Kxd2 Kf5 49. Ke3 e4 50. fxe4+ dxe4 51. g3 Ke5 52. Kf2
Kd5 53. Ke3 Kc4 54. Kxe4 Kb3 55. Kd3 Kxb2 56. c4 bxc4+ 57. Kxc4 Kxa3 58. Kc3 g6
59. g4 g5 60. Kc2 Kb4 61. Kc1 Kb3 62. Kb1 a3 63. Ka1 a2 0-1

[Event "Troy (US Am N/6/23)"]
[Site "?"]
[Date "1995.??.??"]
[Round "?"]
[White "Martell, Raul"]
[Black "Vega, D."]
[Result "1-0"]
[WhiteElo "1605"]
[BlackElo "1730"]
[PlyCount "57"]
[EventDate "1995.??.??"]

{6/(23)} 1. e4 c5 2. Nf3 Nc6 3. d4 cxd4 4. Nxd4 Nf6 5. Nc3 e5 6. Nxc6 bxc6 7.
Bd3 Bb4 8. Bd2 Rb8 9. Rb1 O-O 10. O-O a5 11. a3 Bxc3 12. Bxc3 Re8 13. Re1 d6
14. Qd2 Nh5 15. Bxa5 Qf6 16. g3 Qg6 17. Bc4 Bg4 18. Bc7 Rb7 19. Qxd6 Nf6 20.
Qxc6 Bf3 21. Qxb7 Qg4 22. Bd6 Nd7 23. Qc6 h5 24. Bf1 h4 25. h3 Qe6 26. Kh2 Nf6
27. Bc4 hxg3+ 28. fxg3 Ng4+ 29. Kg1 1-0

[Event "Troy (US Am N/1/22)"]
[Site "?"]
[Date "1995.??.??"]
[Round "?"]
[White "Martell, Raul"]
[Black "Turner, Keita"]
[Result "0-1"]
[WhiteElo "1605"]
[BlackElo "1900"]
[PlyCount "97"]
[EventDate "1995.??.??"]

{1/(22)} 1. e4 c5 2. Nf3 Nc6 3. d4 cxd4 4. Nxd4 g6 5. Nc3 Bg7 6. Be3 Nf6 7. Bc4
O-O 8. O-O Nxe4 9. Nxe4 d5 10. Ng5 dxc4 11. Nxc6 bxc6 12. c3 Bf5 13. Bc5 Qc7
14. Re1 Rfe8 15. Qf3 e6 16. Rad1 Rad8 17. h3 Rd5 18. Bb4 Red8 19. Rxd5 cxd5 20.
g4 Bd3 21. Ba5 Qd7 22. Bxd8 h6 23. Nxf7 Qxf7 24. Qxf7+ Kxf7 25. Bc7 Be4 26. Bb8
a6 27. a4 e5 28. f4 exf4 29. Bxf4 Ke6 30. Kf2 Bf6 31. Bd2 Bh4+ 32. Kf1 Bxe1 33.
Kxe1 g5 34. Kf2 a5 35. Kg3 Bc2 36. h4 Kf6 37. hxg5+ hxg5 38. Kf3 Bxa4 39. Ke3
Bc2 40. Kd4 Be4 41. Ke3 a4 42. Kd4 Bf3 43. Be3 Bxg4 44. Kxd5 Be2 45. Kd4 g4 46.
Bg1 Kf5 47. Ke3 Bd1 48. Kf2 Ke4 49. Ke1 0-1

[Event "East Lansing (MOR/7/29)"]
[Site "?"]
[Date "1995.??.??"]
[Round "?"]
[White "Martell, Raul"]
[Black "Sundeen, David"]
[Result "1/2-1/2"]
[WhiteElo "1605"]
[BlackElo "1710"]
[PlyCount "58"]
[EventDate "1995.??.??"]

{7/(29)} 1. e4 e5 2. Nf3 Nf6 3. Nc3 Nc6 4. Bc4 Bb4 5. Qe2 O-O 6. a3 Bxc3 7.
dxc3 d5 8. exd5 Nxd5 9. O-O Nb6 10. Rd1 Qe8 11. Bb3 Be6 12. Be3 Nd7 13. Bxe6
Qxe6 14. Rd2 f6 15. Rad1 Rfd8 16. Bf4 Qe7 17. Qc4+ Kf8 18. Bg3 Nb6 19. Qe4 g6
20. h3 Rxd2 21. Rxd2 Rd8 22. Qe2 Rxd2 23. Nxd2 Kg7 24. Qd3 f5 25. f3 Nd7 26.
Nc4 Nf6 27. Bh4 e4 28. fxe4 fxe4 29. Qe3 Nd5 1/2-1/2

[Event "Detroit (MI Action/4/6)"]
[Site "?"]
[Date "1995.??.??"]
[Round "?"]
[White "Martell, Raul"]
[Black "Scales, H."]
[Result "1-0"]
[WhiteElo "1605"]
[BlackElo "1660"]
[PlyCount "32"]
[EventDate "1995.??.??"]

{4/(6)} 1. e4 e5 2. Nf3 Nc6 3. Bc4 Bc5 4. d3 a6 5. Nc3 b5 6. Bb3 Nf6 7. Bg5 d6
8. a3 O-O 9. Nd5 Nd4 10. Nxd4 Bxd4 11. c3 Ba7 12. Nxf6+ gxf6 13. Bh6 Re8 14.
Qf3 Kh8 15. Bxf7 Rf8 16. Bxf8 Qxf8 1-0

[Event "East Lansing (MOR/2/24)"]
[Site "?"]
[Date "1995.??.??"]
[Round "?"]
[White "Martell, Raul"]
[Black "Saulmon, Scott"]
[Result "0-1"]
[WhiteElo "1605"]
[BlackElo "1770"]
[PlyCount "168"]
[EventDate "1995.??.??"]

{2/(24)} 1. e4 e6 2. d4 d5 3. e5 c5 4. c3 Nc6 5. Bb5 Bd7 6. Ne2 a6 7. Bxc6 Bxc6
8. O-O Ne7 9. Ng3 Ng6 10. Be3 cxd4 11. cxd4 Bb5 12. Re1 Rc8 13. a3 Be7 14. Nc3
Bc6 15. Rc1 O-O 16. Qd2 f5 17. Nge2 Nh4 18. Nf4 Bd7 19. Qe2 g5 20. Nh3 f4 21.
g3 fxe3 22. gxh4 exf2+ 23. Nxf2 gxh4 24. Kh1 Rf5 25. Rg1+ Rg5 26. Rxg5+ Bxg5
27. Rg1 Kh8 28. Qg4 Bh6 29. Nd3 Qe7 30. Nc5 Bc6 31. Qxe6 Qxe6 32. Nxe6 Be3 33.
Re1 Bh6 34. Rg1 Re8 35. Ng5 Re7 36. Nf3 h3 37. Rg3 Bc1 38. Nd1 Bd7 39. Ng1 Bf5
40. Nxh3 Be4+ 41. Kg1 Rc7 42. Nhf2 Bf5 43. Rf3 Bg6 44. Rg3 Rc4 45. Rg4 Rc2 46.
e6 Re2 47. Rg3 Rxe6 48. Rc3 Bg5 49. Rc8+ Be8 50. Rc7 Bc6 51. Rf7 Bf6 52. Ne3
Bxd4 53. Nf5 Rf6 54. Rxf6 Bxf6 55. b3 Kg8 56. Ng4 Bb2 57. Ne7+ Kf7 58. Nxc6
bxc6 59. a4 Ke6 60. Kf2 Kd6 61. Ne3 Bd4 62. b4 Ke5 63. Kf3 Bxe3 64. Kxe3 d4+
65. Kd3 Kd5 66. h3 h6 67. h4 h5 68. a5 Ke5 69. Kc4 Ke4 70. Kc5 d3 71. Kxc6 d2
72. b5 axb5 73. a6 d1=Q 74. a7 Qd5+ 75. Kc7 Qf7+ 76. Kb8 Qxa7+ 77. Kxa7 b4 78.
Ka6 b3 79. Ka5 b2 80. Ka4 b1=Q 81. Ka5 Kd4 82. Ka6 Kc5 83. Ka7 Kc6 84. Ka8 Qb7#
0-1

[Event "Detroit (MI Team/1/4/2)"]
[Site "?"]
[Date "1995.??.??"]
[Round "?"]
[White "Martell, Raul"]
[Black "Rosenberg, Steve"]
[Result "0-1"]
[WhiteElo "1605"]
[BlackElo "1725"]
[PlyCount "42"]
[EventDate "1995.??.??"]

{1/4} 1. e4 Nf6 2. e5 Nd5 3. d4 d6 4. f4 Nb6 5. Nf3 Bf5 6. Bd3 Bxd3 7. Qxd3 h6
8. Nbd2 e6 9. Nc4 N8d7 10. Be3 d5 11. Nxb6 Nxb6 12. b3 Be7 13. O-O O-O 14. f5
exf5 15. Qxf5 Qd7 16. Qxd7 Nxd7 17. c3 Ba3 18. Rab1 a5 19. Nh4 c5 20. Nf5 cxd4
21. Ne7+ Bxe7 0-1

[Event "Detroit (MI Action/2/7)"]
[Site "?"]
[Date "1995.??.??"]
[Round "?"]
[White "Martell, Raul"]
[Black "Herron, J."]
[Result "0-1"]
[WhiteElo "1605"]
[BlackElo "1750"]
[PlyCount "48"]
[EventDate "1995.??.??"]

{2/(7)} 1. e4 g6 2. d4 Bg7 3. Nf3 d6 4. Be3 Nf6 5. Bd3 O-O 6. h3 Nc6 7. c3 e5
8. Nbd2 Ne8 9. Qb3 a5 10. O-O a4 11. Qc2 f5 12. exf5 gxf5 13. dxe5 dxe5 14.
Bc4+ Kh8 15. Bg5 Qd6 16. Rfd1 Qg6 17. Bh4 e4 18. Nd4 Ne5 19. Be7 Rf7 20. Bxf7
Qxf7 21. Bh4 Nf6 22. Bg3 Nd3 23. Nb1 Qc4 24. Be5 Nxe5 0-1

[Event "East Lansing (MOR/4/43)"]
[Site "?"]
[Date "1995.??.??"]
[Round "?"]
[White "Martell, Raul"]
[Black "Helzer, J."]
[Result "1-0"]
[WhiteElo "1605"]
[BlackElo "1605"]
[PlyCount "215"]
[EventDate "1995.??.??"]

{4/(43)} 1. e4 c5 2. Nf3 Nc6 3. d4 cxd4 4. Nxd4 d6 5. Nc3 Nf6 6. h3 g6 7. Be3
Bg7 8. Nxc6 bxc6 9. Bc4 O-O 10. Qd2 Re8 11. O-O Bb7 12. Rab1 e6 13. Rfd1 d5 14.
exd5 cxd5 15. Bb3 Qc7 16. Bf4 e5 17. Bg3 d4 18. Ne2 Ne4 19. Qd3 Bh6 20. Nxd4
Nxg3 21. Qxg3 Bf4 22. Nb5 Qc6 23. Qg4 Qxb5 24. g3 Qb4 25. gxf4 Qe4 26. Kh2 h5
27. Qg5 Qf3 28. Qg3 Qxg3+ 29. Kxg3 exf4+ 30. Kxf4 Re4+ 31. Kg3 h4+ 32. Kh2 Rf4
33. Kg1 Rf5 34. Rd4 Rg5+ 35. Rg4 Rxg4+ 36. hxg4 g5 37. Kh2 Bf3 38. Re1 Kf8 39.
Kh3 Re8 40. Rxe8+ Kxe8 41. Ba4+ Kd8 42. b4 Kc7 43. c4 f6 44. a3 Kb7 45. c5 Kc7
46. Bb3 Kc6 47. Bc4 Kc7 48. Bf1 Bd1 49. f4 Kd7 50. Bb5+ Ke6 51. fxg5 fxg5 52.
a4 Bf3 53. Bc4+ Kd7 54. Bd3 Bc6 55. b5 Bd5 56. a5 Kc7 57. b6+ Kb8 58. Bf5 Kb7
59. Bd7 Ka6 60. c6 axb6 61. c7 Bb7 62. axb6 Kxb6 63. c8=Q Bxc8 64. Bxc8 Kc5 65.
Bb7 Kd6 66. Kg2 Ke5 67. Kf3 Kd4 68. Be4 Kc5 69. Ke3 Kd6 70. Kd4 Ke6 71. Bd5+
Kf6 72. Ke4 h3 73. Kf3 Ke5 74. Bb7 h2 75. Kg3 Kd4 76. Kxh2 Ke3 77. Kg3 Ke2 78.
Kg2 Ke3 79. Kf1 Kf4 80. Bc8 Kf3 81. Ke1 Ke3 82. Bf5 Kf3 83. Kd2 Kf4 84. Kd3 Ke5
85. Kc4 Kd6 86. Kd4 Ke7 87. Ke5 Kf7 88. Be6+ Kg6 89. Kd6 Kf6 90. Kd7 Kg6 91.
Ke7 Kg7 92. Bf7 Kh6 93. Kf6 Kh7 94. Kxg5 Kg7 95. Bc4 Kf8 96. Kh6 Ke7 97. g5 Kd6
98. g6 Ke5 99. g7 Ke4 100. g8=Q Ke3 101. Qd5 Kf4 102. Kg6 Ke3 103. Kf5 Kf2 104.
Kf4 Ke1 105. Qd3 Kf2 106. Qe2+ Kg1 107. Kg3 Kh1 108. Qg2# 1-0

[Event "East Lansing (MOR/5/34)"]
[Site "?"]
[Date "1995.??.??"]
[Round "?"]
[White "Martell, Raul"]
[Black "Griffin, John"]
[Result "1-0"]
[WhiteElo "1605"]
[BlackElo "1605"]
[PlyCount "99"]
[EventDate "1995.??.??"]

{5/(34)} 1. e4 c5 2. Nf3 Nc6 3. d4 cxd4 4. Nxd4 Nf6 5. Nc3 e5 6. Nxc6 bxc6 7.
a3 d5 8. exd5 cxd5 9. Bg5 d4 10. Ne4 Be7 11. Bd3 O-O 12. Qe2 Bb7 13. Nxf6+ Bxf6
14. Bxf6 Qxf6 15. Be4 Bxe4 16. Qxe4 Qe6 17. O-O f6 18. Rfd1 Rfd8 19. Rxd4 f5
20. Rxd8+ Rxd8 21. Qe3 Qd6 22. h3 Rd7 23. Re1 e4 24. Kh1 Kf8 25. f3 Re7 26.
fxe4 Rxe4 27. Qf2 Rxe1+ 28. Qxe1 a6 29. Qb4 Qxb4 30. axb4 Ke7 31. Kg1 Kd6 32.
c4 g5 33. Kf2 Ke5 34. g3 Ke4 35. b3 h6 36. c5 Kd5 37. Kf3 Kc6 38. Ke3 Kd5 39.
Kd3 Ke5 40. Kc4 h5 41. c6 Kd6 42. b5 axb5+ 43. Kxb5 Kc7 44. Kc5 f4 45. gxf4
gxf4 46. Kd4 f3 47. Ke3 Kxc6 48. Kxf3 Kb5 49. Kg3 Kb4 50. Kh4 1-0

[Event "Troy (US Am N/4/40)"]
[Site "?"]
[Date "1995.??.??"]
[Round "?"]
[White "Martell, Raul"]
[Black "Dumas, Steve"]
[Result "1-0"]
[WhiteElo "1605"]
[BlackElo "1605"]
[PlyCount "53"]
[EventDate "1995.??.??"]

{4/(40)} 1. e4 e5 2. Nf3 f5 3. Nc3 c6 4. Bc4 Nf6 5. d3 f4 6. Nxe5 d5 7. exd5
cxd5 8. Bb5+ Bd7 9. Nxd7 Nbxd7 10. Bxf4 a6 11. Ba4 b5 12. Bb3 Nb6 13. O-O Be7
14. Qf3 O-O 15. Rfe1 Kh8 16. Bg5 Ng8 17. Bxe7 Nxe7 18. Qg4 Ra7 19. Re2 Nf5 20.
Rae1 Raf7 21. Ne4 Nd4 22. Re3 Nxb3 23. Ng5 Rxf2 24. Ne6 Qf6 25. Nxf8 Qxf8 26.
axb3 Rf4 27. Qxf4 1-0

[Event "Detroit (WCO/2/3)"]
[Site "?"]
[Date "1995.??.??"]
[Round "?"]
[White "Martell, Raul"]
[Black "Aldrich, Jeff"]
[Result "0-1"]
[WhiteElo "1605"]
[BlackElo "1900"]
[PlyCount "118"]
[EventDate "1995.??.??"]

{2/(3)} 1. e4 c6 2. d4 d5 3. e5 Bf5 4. Nf3 e6 5. Bd3 Bxd3 6. Qxd3 Qb6 7. Nbd2
Qa6 8. Qxa6 Nxa6 9. O-O Ne7 10. Nb3 Rc8 11. Bd2 Nf5 12. Rac1 c5 13. c3 Be7 14.
Bf4 h6 15. h3 g5 16. Be3 b6 17. Rfe1 Kd7 18. g4 Nxe3 19. fxe3 h5 20. Kg2 Rh7
21. Rh1 Rch8 22. Rh2 Kc6 23. Rch1 b5 24. Kg3 hxg4 25. hxg4 Rxh2 26. Rxh2 Rxh2
27. Kxh2 c4 28. Nbd2 b4 29. e4 Kb5 30. exd5 exd5 31. Ne1 bxc3 32. bxc3 Ka4 33.
Nc2 Ba3 34. Nb1 Bb2 35. Ne3 Nc7 36. Kg2 Bc1 37. Kf2 a5 38. Ke2 Bxe3 39. Kxe3
Ne6 40. Kf3 Nf4 41. Ke3 Nd3 42. Kd2 Nf2 43. Ke2 Nxg4 44. Kf3 f5 45. exf6 Nxf6
46. Kg3 Kb5 47. Kf3 Kc6 48. Nd2 Kd6 49. Ke3 Ke6 50. Nf1 Ne4 51. Kf3 Nxc3 52. a3
Nb5 53. Ke3 Nxa3 54. Nd2 Nc2+ 55. Kf3 Nxd4+ 56. Kg4 Nb3 57. Nf3 d4 58. Nxg5+
Kd5 59. Kf3 c3 0-1

[Event "Troy (US Am N/1/12)"]
[Site "?"]
[Date "1995.??.??"]
[Round "?"]
[White "Marson, Michael"]
[Black "Ward, Tim"]
[Result "1/2-1/2"]
[WhiteElo "1605"]
[BlackElo "1970"]
[PlyCount "111"]
[EventDate "1995.??.??"]

{1/(12)} 1. d4 e6 2. Nf3 f5 3. Bg5 Nf6 4. e3 Be7 5. Bd3 d5 6. Nbd2 O-O 7. Ne5
Nbd7 8. Ndf3 Ne4 9. Bxe7 Qxe7 10. h4 Qb4+ 11. Nd2 Nxe5 12. Bxe4 dxe4 13. dxe5
Qxb2 14. f4 exf3 15. Nxf3 Qc3+ 16. Kf2 b6 17. Qd3 Qc5 18. c3 Bb7 19. Qd4 Qe7
20. Qb4 c5 21. Qf4 Rad8 22. Rad1 Rxd1 23. Rxd1 Rd8 24. Rd6 h6 25. h5 Bxf3 26.
gxf3 Kf8 27. Rxd8+ Qxd8 28. e4 Qg5 29. Qxg5 hxg5 30. exf5 exf5 31. a4 Ke7 32.
f4 g4 33. c4 Kd7 34. Kg3 Kc6 35. Kg2 a6 36. Kg3 b5 37. cxb5+ axb5 38. a5 b4 39.
a6 b3 40. a7 Kb7 41. e6 b2 42. e7 Kxa7 43. e8=Q b1=Q 44. Qe7+ Kb6 45. Qd6+ Kb7
46. Qd5+ Kb6 47. Qd6+ Ka5 48. Qxc5+ Qb5 49. Qa7+ Kb4 50. Qxg7 Qd3+ 51. Kh4 Qh3+
52. Kg5 g3 53. Qd4+ Kb3 54. Qd3+ Kb4 55. Qd4+ Kb3 56. Qd3+ 1/2-1/2

[Event "Grand Rapids (MI Am/5/9)"]
[Site "?"]
[Date "1995.??.??"]
[Round "?"]
[White "Marson, Michael"]
[Black "Townsend, Paul"]
[Result "1/2-1/2"]
[WhiteElo "1605"]
[BlackElo "1865"]
[PlyCount "47"]
[EventDate "1995.??.??"]

{5/(9)} 1. f4 e6 2. b3 d5 3. Nf3 c5 4. Bb2 Nc6 5. e3 Nf6 6. Bb5 Bd7 7. d3 Be7
8. Nbd2 Ng4 9. Qe2 Bf6 10. Bxf6 Qxf6 11. O-O Nb4 12. Bxd7+ Kxd7 13. Ne1 Nxh2
14. Kxh2 Qxa1 15. d4 cxd4 16. Qb5+ Nc6 17. Qxb7+ Kd6 18. e4 Qc3 19. e5+ Kc5 20.
b4+ Nxb4 21. Nb3+ Kc4 22. Na5+ Kc5 23. Nb3+ Kc4 24. Na5+ 1/2-1/2

[Event "East Lansing (MOR/1b/4)"]
[Site "?"]
[Date "1995.??.??"]
[Round "?"]
[White "Marson, Michael"]
[Black "Smith, Robert"]
[Result "1-0"]
[WhiteElo "1605"]
[BlackElo "1760"]
[PlyCount "41"]
[EventDate "1995.??.??"]

1. d4 Nf6 2. Nf3 e6 3. c4 d5 4. Nc3 Nbd7 5. Bg5 Be7 6. e3 h6 7. Bh4 O-O 8. Rc1
b6 9. Bd3 Bb7 10. O-O Ne4 11. Bxe7 Qxe7 12. cxd5 exd5 13. Qe2 c5 14. Ba6 Bxa6
15. Qxa6 cxd4 16. Nxd4 Ndf6 17. Rc2 Rfc8 18. Nxd5 Qd7 19. Rxc8+ Rxc8 20. Qxc8+
Kh7 21. Nxf6+ 1-0